|
|
|
|
| LEADER |
00000nab a2200000 a 4500 |
| 001 |
vtls000543082 |
| 003 |
SK-MaSNL |
| 005 |
20260304094928.0 |
| 008 |
250425c1993 xo 0 slo |
| 015 |
|
|
|a SNBRA19rr/mm-uuuuu
|
| 035 |
|
|
|a CL0543220
|
| 035 |
|
|
|a urn:nbn:sk:snk-ab9g5y
|
| 035 |
|
|
|a (urnnbn)urn:nbn:sk:snk:ar-a08dct
|
| 035 |
|
|
|a (uuid)51749e45-74af-4f39-a9b6-aa61496d95b6
|
| 040 |
|
|
|a SNKBUCL
|b slo
|c SNKBUCL
|e AACR2
|
| 041 |
0 |
|
|a slo
|
| 044 |
|
|
|a xo
|c SK
|
| 080 |
|
|
|a 621.81.001.63:658.512.2.011.56
|2 1981
|
| 080 |
|
|
|a 658.512.2.011.56
|2 1981
|
| 100 |
1 |
|
|a Vaský, Jozef,
|d 1955-
|4 aut
|9 12048
|
| 245 |
1 |
0 |
|a Konceptuálny návrh technologického modelu súčiastky
|c Jozef Vaský
|
| 300 |
|
|
|b Sch. 2, tab. 1, lit. 2 zázn. v slov.
|
| 650 |
0 |
7 |
|a súčiastky
|2 snkbucl
|9 323819
|
| 655 |
|
7 |
|a články zo zborníkov
|2 snkbucl
|9 166140
|
| 773 |
0 |
|
|t Zborník vedeckých prác Materiálovotechnologickej fakulty Slovenskej technickej univerzity v Bratislave. Zv. 1
|d Bratislava : STU, 1993
|g S. 269-276
|z 8022706574
|
| 850 |
|
|
|a Slovenská národná knižnica
|
| 852 |
|
|
|a Slovenská národná knižnica
|
| 954 |
|
|
|a odborná, vedecká literatúra pôvodná (slovenská)
|2 lita
|
| 958 |
|
|
|a article13
|
| 958 |
|
|
|a OND
|
| 958 |
|
|
|a RK
|
| 958 |
|
|
|a EUIPO
|
| 992 |
|
|
|a RZB
|
| 999 |
|
|
|c 2829752
|d 2831682
|